000 01333nam a2200289Ia 4500
005 20220317000946.0
008 160825s2008 ck g 000 0 spa
020 _a97895836008012
082 0 4 _a320.5
_bS15e
100 1 _aSantander, Francisco de Paula
_d1792-1840
245 1 0 _aEscritos políticos
_cFrancisco de Paula Santander ; selección y prólogo de Jorge Orlando Melo
250 _a1a. edición
_b1a. reimpresión
300 _a125 páginas
_c23 cm
490 _aEscritos políticos
505 _aLa guerra de independencia -- En el gobierno -- El enfrentamiento con Bolívar: pertrechos y constituciones -- Conspiración y exilio -- Presidente de la nueva granada -- En la oposición
600 1 4 _aSantander, Francisco de Paula
_d179 -1840
_xPensamiento político
_963599
600 1 4 _aSantander, Francisco de Paula
_d179 -1840
_xEscritos políticos
_963600
600 1 4 _aSantander, Francisco de Paula
_d179 -1840
_xCorresponencia, memorias etc
_963601
651 _aColombia
_xPolítica y gobierno
_93243
700 1 _aMelo, Jorge Orlando
_d1942-
_ecompilador
_963602
942 _2ddc
_cBK
264 _aBogotá
_bEl Áncora
_bPanamericana
_c2008
336 _atexto
_btxt
_2rdacontent
337 _asin mediación
_bn
_2rdamedia
338 _avolumen
_bnc
_2rdacarrier
040 _aCO-BoRNBP
_bspa
_erda
_cCO-BoRNBP
999 _c5518
_d5518